| 000 | 00442nam a2200133Ia 4500 | ||
|---|---|---|---|
| 008 | 231129s2009||||xx |||||||||||||| ||spa|| | ||
| 020 | _a978-958-722-046-9 | ||
| 082 | _aER- 297 | ||
| 100 | _aGiraldo Mejía Nelson; Presbítero ...[et al.] | ||
| 245 | 0 | _aJorge Roa Martínez. Memoria de una visión cosmopolita | |
| 260 | _c2009 | ||
| 264 | _aColombia: Panamericana Impresos 2009 | ||
| 942 |
_2ddc _cBKS |
||
| 999 |
_c16131 _d16131 |
||